|
|
|
|
| LEADER |
00000nas a2200000 i 4500 |
| 001 |
ssj0001916355 |
| 003 |
WaSeSS |
| 005 |
20200512172242.0 |
| 006 |
m d |
| 007 |
cr n |
| 008 |
130821d20142016nz an p s 0 a0eng |
| 010 |
|
|
|a 2017247574
|
| 022 |
|
|
|a 2324-5891
|l 2324-5891
|
| 035 |
|
|
|a (WaSeSS)ssj0001916355
|
| 040 |
|
|
|a NZ1
|b eng
|c NZ1
|d OCLCO
|d CUS
|d OCLCF
|d CUI
|d OCLCO
|d COD
|d OCLCA
|d CRU
|d OCLCO
|d AU@
|d OCLCO
|d WYU
|d OCLCO
|d OCLCA
|d VT2
|d OCLCO
|d STF
|d OCLCO
|d OCL
|d OCLCA
|d WaSeSS
|
| 042 |
|
|
|a nznb
|a pcc
|
| 050 |
|
4 |
|a RD82
|
| 082 |
0 |
4 |
|a 617.96
|2 23
|
| 130 |
0 |
|
|a Ambulatory anesthesia (Auckland, N.Z.)
|
| 210 |
1 |
|
|a Ambul. anesth.
|
| 222 |
|
0 |
|a Ambulatory anesthesia
|
| 245 |
1 |
0 |
|a Ambulatory anesthesia
|h [electronic resource].
|
| 260 |
|
|
|a [Auckland, New Zealand] :
|b Dove Medical Press Limited,
|c 2014-2016
|
| 310 |
|
|
|a Annual
|
| 347 |
|
|
|a text file
|b PDF
|2 rda
|
| 362 |
1 |
|
|a Began with volume 1 (2014); ceased with volume 3 (2016).
|
| 506 |
|
|
|a License restrictions may limit access.
|
| 515 |
|
|
|a Articles added irregularly during the year and collected into annual issues.
|
| 588 |
|
|
|a Description based on: Volume 1 (2014); title from article pdf caption (viewed November 9, 2017).
|
| 588 |
|
|
|a Latest issue consulted: Volume 3 (2016) (viewed November 9, 2017).
|
| 650 |
|
0 |
|a Anesthesia
|v Periodicals.
|
| 650 |
|
0 |
|a Ambulatory surgery
|v Periodicals.
|
| 650 |
|
7 |
|a Ambulatory surgery.
|2 fast
|0 (OCoLC)fst00806846
|
| 650 |
|
7 |
|a Anesthesia.
|2 fast
|0 (OCoLC)fst00808644
|
| 650 |
|
2 |
|a Anesthesia.
|
| 650 |
|
2 |
|a Ambulatory Surgical Procedures.
|
| 655 |
|
0 |
|a Electronic journals.
|
| 785 |
0 |
4 |
|t Local and regional anesthesia
|x 1178-7112
|w (DLC) 2011243722
|w (OCoLC)319595338
|
| 856 |
4 |
0 |
|z Full text available from Research Library: 01/01/2014 to 01/31/2016
|u https://search.proquest.com/publication/3933206
|